000 01332nam a22003617a 4500
003 CHAP
005 20241015134226.0
008 100420s2009 mx a r 00010 spa d
010 _a98183
011 _a99155
020 _a9786074011067
035 _a109840
040 _cCHAP
082 1 4 _a338.1762142
_bUa1
245 0 3 _aLa lechería familiar en México
_c/coordinadores Alfredo Cesín Vargas, Fernando Cervantes Escoto y Adolfo Álvarez Macías
260 _aChapingo, Méx. :
_bUACH :
_bCIESTAAM,
_c2009
300 _a291 p. :
_bilus.
490 _aLas ciencias sociales
590 _aBATCH-UPD
_b10
_c20130110
_lUCH01
_h1340
590 _aBATCH-UPD
_b10
_c20130410
_lUCH01
_h0841
590 _aBATCH-UPD
_b10
_c20130914
_lUCH01
_h0916
590 _aCONVERSION
_b10
_c20130109
_lUCH01
_h1354
650 0 4 _aEmpresas pequeñas.
_936658
650 0 7 _aIndustria lechera
_zMéxico
_2
_957847
700 0 _aAlvarez Macias, Adolfo.
_94935
700 1 _aCervantes Escoto, Fernando
_921557
700 1 _aCesín Vargas, Alfredo.
_921651
830 0 _aLas ciencias sociales. Segunda década (Miguel Ángel Porrúa)
_965003
901 _aBK
942 _cLIBRO
949 _a338.1762142 Ua1
_bBC
_cLIBRO
_d33724002167413
_eLIBRO
_fc.2
_h112346
_i109840
_sb
949 _a338.1762142 Ua1
_bBC
_cUACH
_d33724002167454
_eUACH
_gI.c/e
_h112319
_i109840
_sb
999 _c98183
_d98183